Statistics for Countries with Shrinking Populations

Click here to take the quiz!

General Stats

  • This quiz has been taken 33,902 times
    (18,126 since last reset)
  • The average score is 11 of 20

Answer Stats

LossYear of peakCountry% Correct
4.21 m1993Russia
87%
4.41 m2009Japan
83%
15.1 m1992Ukraine
76%
2.86 m1991Romania
65%
0.807 m1997Serbia
65%
0.749 m2004Greece
64%
2.24 m1980Bulgaria
63%
1.37 m2014Italy
63%
0.958 m1993Belarus
62%
0.853 m1989Croatia
60%
1.30 m1991Bosnia and Herzegovina
58%
0.851 m1989Latvia
56%
1.06 m1992Lithuania
55%
1.04 m1992Moldova
53%
0.894 m1841Ireland
48%
0.566 m1997Kosovo
45%
0.871 m1991Armenia
42%
1.73 m1988Georgia
42%
1.03 m2015Lebanon
25%
2.32 m2016Venezuela
24%

Score Distribution

Percentile by Number Answered

Percent of People with Each Score

Your Score History

You have not taken this quiz since the last reset